Learning Resource and Development

The physiology of fishes / (Record no. 27531)

MARC details
000 -LEADER
fixed length control field 01473nam a2200301 i 4500
003 - CONTROL NUMBER IDENTIFIER
control field CSPC
005 - DATE AND TIME OF LATEST TRANSACTION
control field 20240514171700.0
008 - FIXED-LENGTH DATA ELEMENTS--GENERAL INFORMATION
fixed length control field 240430s2021 flua b 001 0 eng
020 ## - INTERNATIONAL STANDARD BOOK NUMBER
International Standard Book Number 9780367477554
040 ## - CATALOGING SOURCE
Transcribing agency CSPC
Original cataloging agency CSPC
Language of cataloging eng
Description conventions rda
050 00 - LIBRARY OF CONGRESS CALL NUMBER
Classification number QL639.1
Item number .P49
082 00 - DEWEY DECIMAL CLASSIFICATION NUMBER
Classification number 597.01
Item number P569
Edition number 23
245 04 - TITLE STATEMENT
Title The physiology of fishes /
Statement of responsibility, etc. edited by Suzanne Currie and David H. Evans.
250 ## - EDITION STATEMENT
Edition statement Fifth edition.
264 #1 - PRODUCTION, PUBLICATION, DISTRIBUTION, MANUFACTURE, AND COPYRIGHT NOTICE
Place of production, publication, distribution, manufacture Boca Raton, Florida :
Name of producer, publisher, distributor, manufacturer CRC Press,
Date of production, publication, distribution, manufacture, or copyright notice 2021.
300 ## - PHYSICAL DESCRIPTION
Extent xiv, 241 pages :
Other physical details illustrations ;
Dimensions 28 cm.
336 ## - CONTENT TYPE
Source rdacontent
Content type term text
337 ## - MEDIA TYPE
Source rdamedia
Media type term unmediated
338 ## - CARRIER TYPE
Source rdacarrier
Carrier type term volume
490 0# - SERIES STATEMENT
Series statement CRC marine biology series
504 ## - BIBLIOGRAPHY, ETC. NOTE
Bibliography, etc. note Includes bibliographical references and index.
505 0# - FORMATTED CONTENTS NOTE
Formatted contents note Evolution and phylogeny -- Locomotion and biomechanics -- Gas exchange -- The cardiovascular system -- Iono-and osmoregulation -- The digestive system -- Thermal biology -- Endocrinology: an evolutionary perspective on neuroendocrine axes in teleosts -- Reproduction -- Metabolism -- Hearing -- Active electroreception and electrocommunication -- Vision -- Olfaction -- Aquaculture and fisheries -- Epigenetics -- Behavior and learning.
650 #0 - SUBJECT ADDED ENTRY--TOPICAL TERM
Topical term or geographic name entry element Fishes
General subdivision Physiology.
700 1# - ADDED ENTRY--PERSONAL NAME
Personal name Currie, Suzanne,
Relator term editor.
700 1# - ADDED ENTRY--PERSONAL NAME
Personal name Evans, David H.,
Relator term editor.
942 ## - ADDED ENTRY ELEMENTS (KOHA)
Source of classification or shelving scheme Dewey Decimal Classification
Koha item type Books
Classification part 597.01
Call number prefix CIR
Call number suffix 2021
Suppress in OPAC No
Holdings
Withdrawn status Lost status Source of classification or shelving scheme Damaged status Not for loan Home library Current library Shelving location Date acquired Total Checkouts Full call number Barcode Date last seen Copy number Price effective from Koha item type
    Dewey Decimal Classification     Main Library Main Library Circulation Section 04/30/2024   CIR 597.01 P569 2021 027588 04/30/2024 1-1 04/30/2024 Books